banner-ar

الجرأة فى التفاوض : (Record no. 60802)

MARC details
000 -الفاتح
حقل البيانات ثابتة الطول 01029nam a22002537a 4500
005 - وقت وتاريخ اخر تعامل مع التسجيلة
رقم الضبط 20240530110429.0
008 - عناصر البيانات ثابتة الطول - معلومات عامة
حقل البيانات ثابتة الطول 150329s2011 su d g 000 0aara d
017 ## - رقم الايداع القانونى
رقم الايداع القانونى 1430/8269
المصدر ( الهيئة المختصة) السعودية . مكتبة الملك فهد
020 ## - الرقم الدولى المعيارى للكتب
الرقم الدولى المعيارى للكتاب 4922549960978
040 ## - مصدر الفهرسة
وكالة الفهرسة الأصلية EG-CaGPL
082 04 - رقم تصنيف ديوى العشرى
رقم الطبعة 21
رقم التصنيف 658.4052\
رقم المادة د ج
100 1# - المدخل الرئيسى - إسم شخصى
الإسم الشخصى دونالدسون ، مايكل
245 12 - بيان العنوان
العنوان الجرأة فى التفاوض :
بقية العنوان منهج الامنية - والرغبة - وايقاف التفاوض للتوصل الى اتفاقات ناجحة /
بيان المسئوليه,etc مايكل دونالدسون ؛ نقله الى العربية هيثم نشواتى
250 ## - بيان الطبعة
بيان الطبعة ط1
260 ## - PUBLICATION, DISTRIBUTION, ETC. (IMPRINT)
تاريخ النشر أو التوزيع 2011
300 ## - الوصف المادى
التعداد 234 ص :
تفاصيل ماديه اخرى للوعاء ايض ؛
أبعاد الوعاء 22 سم
650 04 - المدخل الاضافى بالموضوع-مصطلح موضوعى
مصطلح موضوعي المفاوضات
650 04 - المدخل الاضافى بالموضوع-مصطلح موضوعى
مصطلح موضوعي التنمية البشرية
650 04 - المدخل الاضافى بالموضوع-مصطلح موضوعى
مصطلح موضوعي الادارة
650 04 - المدخل الاضافى بالموضوع-مصطلح موضوعى
مصطلح موضوعي اتخاذ القرارات
700 0# - المدخل الاضافى - اسم شخصى
الإسم الشخصى هيثم نشواتى
الدور مترجم
942 ## - عناصر المدخل الإضافي( كوها)
مصدر التصنيف او مخطط الترفيف Dewey Decimal Classification
Koha [default] item type كتاب
260 ## - PUBLICATION, DISTRIBUTION, ETC. (IMPRINT)
-- الرياض :
-- مكتبة العبيكان ،
Holdings
حالة التراجع حالة الفقد حالة تلف ليس للاعارة المكان المؤقت الموقع الحالى تاريخ الاكتساب اجمالي اﻻعارات رقم الطلب الباركود تاريخ اخر مشاهدة تاريخ تفعيل السعر نوع وعاء كوها
        مكتبة القاهرة الكبرى مكتبة القاهرة الكبرى 03/29/2015   658.4052\ د ج 159947 03/29/2015 03/29/2015 كتاب

Powered By

EGPV